[Event "Michigan Class C"]
[Site "Grand Rapids, MI"]
[Date "1997.01.18"]
[Round "2.3"]
[White "Scioly, Tony"]
[Black "Waite, Lawrence"]
[Result "1-0"]
[WhiteElo "1500"]
[BlackElo "1426"]
[PlyCount "83"]
[EventDate "1997.01.18"]

1. e4 c5 2. Nf3 Nc6 3. Bb5 d6 4. O-O Nf6 5. Re1 a6 6. Bxc6+ bxc6 7. e5 dxe5 8.
Nxe5 Qc7 9. Qf3 Bb7 10. Nc3 e6 11. d3 Bd6 12. Bf4 O-O 13. Qg3 Nh5 14. Qg4 Nxf4
15. Qxf4 f6 16. Qc4 Bxe5 17. Qxe6+ Kh8 18. h3 Rfe8 19. Qc4 Bxc3 20. Qxc3 Rxe1+
21. Rxe1 Qd6 22. Re4 Rd8 23. Qe1 Qf8 24. Re7 Bc8 25. Qe3 c4 26. dxc4 Bd7 27. b4
Re8 28. Rxe8 Qxe8 29. Qxe8+ Bxe8 30. a4 Bf7 31. c5 Bd5 32. f3 Kg8 33. Kf2 Kf7
34. Ke3 Ke7 35. Kd4 Ke6 36. c4 Bxf3 37. gxf3 g5 38. b5 axb5 39. cxb5 cxb5 40.
axb5 f5 41. b6 Kd7 42. Ke5 1-0

[Event "Michigan Class D/E"]
[Site "Grand Rapids, MI"]
[Date "1997.01.18"]
[Round "1.2"]
[White "Saylor, Oliver"]
[Black "O'Dell, Ray"]
[Result "0-1"]
[WhiteElo "1391"]
[BlackElo "1217"]
[PlyCount "70"]
[EventDate "1997.01.18"]

1. e4 e5 2. Nf3 d6 3. Nc3 a6 4. Bc4 Qf6 5. Nd5 Qd8 6. d3 h6 7. O-O Nf6 8. h3
Nxd5 9. Bxd5 Qf6 10. c3 Be7 11. Be3 Qg6 12. Qb3 O-O 13. Kh1 c6 14. d4 cxd5 15.
Qxd5 Nd7 16. dxe5 Nxe5 17. Nxe5 dxe5 18. Qxe5 Bd6 19. Qd4 b5 20. f3 Rb8 21. b4
Bc7 22. Qd1 Qg3 23. Bg1 Be5 24. Qe2 Bxh3 25. gxh3 Qxh3+ 26. Bh2 Bxc3 27. Rab1
Rbd8 28. Rfd1 Rd7 29. Rxd7 Qxd7 30. Rd1 Qc8 31. a3 Qe6 32. Rd6 Qb3 33. Rxa6 Bb2
34. Qxb5 Qxf3+ 35. Kg1 Bd4# 0-1

[Event "Michigan Class D/E"]
[Site "Grand Rapids, MI"]
[Date "1997.01.18"]
[Round "2.9"]
[White "Saylor, Oliver"]
[Black "Kotman, Matthew"]
[Result "1-0"]
[WhiteElo "1391"]
[BlackElo "1096"]
[PlyCount "47"]
[EventDate "1997.01.18"]

1. e4 e6 2. d4 d5 3. e5 c5 4. c3 Nc6 5. Nf3 Nh6 6. Bxh6 gxh6 7. Bb5 Bd7 8. O-O
f6 9. Nbd2 Bg7 10. Re1 Qe7 11. Nb3 c4 12. Nbd2 O-O-O 13. b3 a6 14. Bxc6 Bxc6
15. bxc4 dxc4 16. Nxc4 fxe5 17. Nfxe5 Rhf8 18. Nxc6 bxc6 19. Rb1 c5 20. Qb3 Kd7
21. Qa4+ Kc7 22. Qxa6 Rb8 23. Qa7+ Kc6 24. Qxe7 1-0

[Event "Michigan Class D/E"]
[Site "Grand Rapids, MI"]
[Date "1997.01.18"]
[Round "3.6"]
[White "Priebe, Raymond"]
[Black "Gaiefsky, Joey"]
[Result "1-0"]
[WhiteElo "1337"]
[BlackElo "1174"]
[PlyCount "51"]
[EventDate "1997.01.18"]

1. e4 e5 2. d4 exd4 3. c3 dxc3 4. Bc4 cxb2 5. Bxb2 Bb4+ 6. Kf1 d6 7. Bxg7 Qg5
8. Bxh8 f6 9. Nf3 Qg6 10. Qa4+ Nc6 11. Bd5 Kd8 12. Bxc6 bxc6 13. Qxb4 Ba6+ 14.
Kg1 Kd7 15. Nbd2 Ne7 16. Bxf6 Qxf6 17. Re1 Rg8 18. e5 Qh6 19. g3 Bb5 20. exd6
cxd6 21. Qh4 Qg6 22. Qxe7+ Kc8 23. Qxa7 Rg7 24. Re7 Rxe7 25. Qxe7 Qc2 26. Kg2
1-0

[Event "Michigan Class D/E"]
[Site "Grand Rapids, MI"]
[Date "1997.01.18"]
[Round "1.9"]
[White "Poniatowski, Don"]
[Black "McAllister, Don"]
[Result "1/2-1/2"]
[WhiteElo "1293"]
[BlackElo "1002"]
[PlyCount "128"]
[EventDate "1997.01.18"]

1. e4 e6 2. d4 d5 3. Nd2 c5 4. exd5 exd5 5. Bb5+ Bd7 6. Qe2+ Be7 7. dxc5 Nf6 8.
Ngf3 O-O 9. O-O Bxc5 10. Nb3 Re8 11. Qd3 Bb6 12. Bxd7 Nbxd7 13. Be3 Bxe3 14.
fxe3 Ng4 15. Rfe1 Qb6 16. Qd4 Nxe3 17. Qxb6 Nxb6 18. Re2 Rac8 19. Nbd4 Nbc4 20.
Rae1 Rc7 21. b3 Rce7 22. bxc4 dxc4 23. c3 Kf8 24. h3 Nd5 25. Rxe7 Rxe7 26. Rxe7
Kxe7 27. Nd2 Nxc3 28. Nxc4 Nxa2 29. Kf2 Nb4 30. Kf3 Kf6 31. g4 Nd3 32. Kg3 g5
33. Nd6 Nc5 34. N6f5 a5 35. Nb5 Ne4+ 36. Kf3 Nd2+ 37. Ke3 Nb3 38. Kd3 Nc5+ 39.
Kd4 Ne6+ 40. Ke4 Nf4 41. h4 b6 42. h5 Nh3 43. Ne3 h6 44. Nd5+ Kg7 45. Nxb6 Nf2+
46. Kf3 Nd3 47. Nc4 a4 48. Ke3 Nb4 49. Nb2 Nc6 50. Nxa4 Ne5 51. Nd4 Nxg4+ 52.
Kf3 Nf6 53. Kg3 Nd7 54. Nc3 Nf6 55. Nf5+ Kf8 56. Nxh6 Nxh5+ 57. Kg4 Nf6+ 58.
Kxg5 Nh7+ 59. Kf5 Kg7 60. Ng4 Nf8 61. Ne4 Ne6 62. Ke5 Nf8 63. Kd6 f5 64. Ngf2
fxe4 1/2-1/2

[Event "Michigan Class D/E"]
[Site "Grand Rapids, MI"]
[Date "1997.01.18"]
[Round "3.8"]
[White "Poniatowski, Don"]
[Black "LaFerriere, Larry"]
[Result "1-0"]
[WhiteElo "1293"]
[BlackElo "883"]
[PlyCount "86"]
[EventDate "1997.01.18"]

1. e4 e5 2. Nf3 d6 3. Bc4 Be7 4. d3 Nf6 5. h3 O-O 6. O-O Nc6 7. Re1 d5 8. exd5
Nxd5 9. Bxd5 Qxd5 10. Nc3 Qa5 11. a3 f6 12. Bd2 Qc5 13. b4 Qd6 14. Ne4 Qd7 15.
Be3 Nd4 16. Nxd4 exd4 17. Bf4 b6 18. f3 f5 19. Nd2 Re8 20. Nc4 Bf6 21. Rxe8+
Qxe8 22. Qd2 Bb7 23. Re1 Qg6 24. Qf2 Re8 25. Nd2 Rxe1+ 26. Qxe1 Qf7 27. Bxc7
Bc6 28. Bg3 Bg5 29. Kh2 Bxd2 30. Qxd2 h5 31. c4 Qe7 32. Bf4 b5 33. cxb5 Bxb5
34. Kg1 Kh7 35. Kh2 Kg6 36. Kg1 Qh4 37. Kh2 Kf6 38. g3 Qxf4 39. Qxf4 Bxd3 40.
Qd6+ Kg5 41. Qxd4 f4 42. h4+ Kf5 43. Qxd3+ Kf6 1-0

[Event "Michigan Class D/E"]
[Site "Grand Rapids, MI"]
[Date "1997.01.18"]
[Round "2.2"]
[White "Parker, Harvard"]
[Black "Priebe, Raymond"]
[Result "1-0"]
[WhiteElo "1295"]
[BlackElo "1337"]
[PlyCount "80"]
[EventDate "1997.01.18"]

1. e4 e5 2. Nf3 Nc6 3. d4 exd4 4. Bc4 Bc5 5. c3 dxc3 6. Nxc3 d6 7. O-O Nf6 8.
Bg5 O-O 9. Nd5 Bg4 10. h3 Bxf3 11. Qxf3 Ne5 12. Qf5 Ned7 13. Rad1 c6 14. Nc3
Qe8 15. Rd3 b5 16. Bb3 Qe5 17. Qf4 Rfe8 18. Qh4 Nxe4 19. Bf4 Qf6 20. Qh5 Nxc3
21. Rxc3 Qxf4 22. Rf3 Qe4 23. Rxf7 d5 24. Rxd7 Rf8 25. Rxd5 Bxf2+ 26. Kh1 cxd5
27. Bxd5+ Qxd5 28. Qxd5+ Kh8 29. Rxf2 Rfd8 30. Qf7 Rd1+ 31. Kh2 h6 32. Qb7 Re8
33. Rf7 Rg8 34. Qxa7 Kh7 35. Rd7 Rb1 36. b3 Rb2 37. Qb7 Rxa2 38. Qxb5 Rf8 39.
Qd3+ Kh8 40. Rd8 Rxd8 1-0

[Event "Michigan Class D/E"]
[Site "Grand Rapids, MI"]
[Date "1997.01.18"]
[Round "4.4"]
[White "Parker, Harvard"]
[Black "Dolin, Jack"]
[Result "0-1"]
[WhiteElo "1295"]
[BlackElo "1330"]
[PlyCount "104"]
[EventDate "1997.01.18"]

1. e4 c5 2. f4 Nc6 3. Nf3 d6 4. d3 e5 5. Be2 g6 6. O-O Bg7 7. f5 Nf6 8. Nc3 O-O
9. Bg5 h6 10. Bxf6 Bxf6 11. Nd5 Bg7 12. Qe1 Nd4 13. f6 Nxe2+ 14. Qxe2 Bxf6 15.
Nd2 Bg7 16. a4 Be6 17. Ne3 f5 18. Qf3 Qd7 19. c3 Rf6 20. Nd5 Bxd5 21. exd5 Re8
22. Qf2 e4 23. dxe4 fxe4 24. Qe3 Rxf1+ 25. Nxf1 Qg4 26. Kh1 Kh7 27. Nd2 h5 28.
Rf1 Bh6 29. Rf7+ Kg8 30. Qf2 Bxd2 31. h3 Qg5 32. Rxb7 Qf4 33. Qe2 Rf8 34. Qb5
Qf1+ 35. Qxf1 Rxf1+ 36. Kh2 Rf7 37. Rb8+ Kg7 38. Ra8 Bf4+ 39. Kg1 Re7 40. Kf2
h4 41. b4 cxb4 42. cxb4 Kf6 43. b5 Ke5 44. Rc8 Kd4 45. Ke2 Bh2 46. a5 Rb7 47.
Ra8 Rxb5 48. Rxa7 Rb2+ 49. Kd1 Kd3 50. Kc1 Bg1 51. Rh7 Bd4 52. Rxh4 Ra2 0-1

[Event "Michigan Class D/E"]
[Site "Grand Rapids, MI"]
[Date "1997.01.18"]
[Round "2.5"]
[White "O'Dell, Ray"]
[Black "Spangler, Richard"]
[Result "0-1"]
[WhiteElo "1217"]
[BlackElo "1334"]
[PlyCount "88"]
[EventDate "1997.01.18"]

1. c4 Nf6 2. Nc3 e6 3. a3 b6 4. d3 Bb7 5. e4 d5 6. e5 d4 7. Bg5 dxc3 8. bxc3
Nbd7 9. d4 Be7 10. exf6 Bxf6 11. Bxf6 Qxf6 12. Nf3 O-O 13. Be2 c5 14. O-O Rad8
15. Qc1 Rfe8 16. Qg5 cxd4 17. cxd4 Bxf3 18. Qxf6 Nxf6 19. Bxf3 Rxd4 20. Rfc1
Rc8 21. c5 bxc5 22. Bb7 Rc7 23. Ba6 c4 24. Rab1 g6 25. Rb4 Rd3 26. a4 Rcd7 27.
Bxc4 Rd1+ 28. Rxd1 Rxd1+ 29. Bf1 Ra1 30. h3 Nd5 31. Rc4 Nb6 32. Rb4 Nxa4 33. g3
a5 34. Rb8+ Kg7 35. Kg2 Nc3 36. Rb3 Ne4 37. Rb2 a4 38. Bd3 Nc3 39. Bc4 Kf6 40.
Rc2 Ra3 41. Kf3 Ke5 42. Ke3 Ne4+ 43. Ke2 Kd4 44. Ra2 Nc3+ 0-1

[Event "Michigan Beginners"]
[Site "Grand Rapids, MI"]
[Date "1997.01.18"]
[Round "3.10"]
[White "Nolan, Sean"]
[Black "Marlatt, Caitie"]
[Result "1-0"]
[WhiteElo "678"]
[BlackElo "1132"]
[PlyCount "59"]
[EventDate "1997.01.19"]

1. e4 e5 2. Nf3 Nc6 3. Bb5 a6 4. Bxc6 dxc6 5. Nxe5 Bc5 6. Nc3 Qf6 7. Ng4 Bxg4
8. Qxg4 Nh6 9. Qf3 Qd4 10. d3 O-O 11. Be3 Qb4 12. Bxc5 Qxc5 13. O-O Rae8 14.
Rae1 Re5 15. Qe3 Qd6 16. Ne2 Rh5 17. g3 Qe6 18. Nf4 Qe5 19. Nxh5 Qxh5 20. Qa7
Ng4 21. h4 Nf6 22. Qxb7 Qg4 23. Qxc7 Qh3 24. f3 Qxg3+ 25. Qxg3 Nh5 26. Qd6 Re8
27. Qxc6 Rf8 28. Qxa6 Nf4 29. Qd6 Nh3+ 30. Kh1 1-0

[Event "Michigan Beginners"]
[Site "Grand Rapids, MI"]
[Date "1997.01.18"]
[Round "2.4"]
[White "Nolan, Matthew"]
[Black "Pleasant, Andrew"]
[Result "1-0"]
[WhiteElo "953"]
[BlackElo "892"]
[PlyCount "109"]
[EventDate "1997.01.19"]

1. e4 c5 2. Nf3 d6 3. Nc3 Nf6 4. b3 e6 5. Bb2 Be7 6. Bb5+ Bd7 7. d4 cxd4 8.
Nxd4 O-O 9. Bxd7 Nbxd7 10. O-O Nc5 11. Re1 Rc8 12. e5 Nfd7 13. exd6 Bxd6 14.
Ndb5 Be7 15. Nxa7 Ra8 16. Nab5 Bf6 17. Qd2 Rc8 18. Nd6 Nb6 19. Rad1 Rc6 20.
Nde4 Nxe4 21. Qxd8 Rxd8 22. Nxe4 Be7 23. Rxd8+ Bxd8 24. Rd1 Be7 25. c4 f5 26.
Ng3 Kf7 27. Nh5 g5 28. a4 Nc8 29. Rd7 Rb6 30. g3 Ke8 31. Rd3 Kf7 32. Rd7 Ke8
33. Rd3 Kf7 34. c5 Bxc5 35. Rd7+ Ke8 36. Rxh7 Rxb3 37. Nf6+ Kf8 38. Nd7+ Kg8
39. Rg7+ Kh8 40. Rxg5+ Kh7 41. Rg7+ Kh6 42. Nxc5 Rxb2 43. Rxb7 Rc2 44. Nxe6 Nd6
45. Rc7 Re2 46. Nf4 Ne4 47. Nxe2 Nc3 48. Nxc3 f4 49. a5 fxg3 50. fxg3 Kg5 51.
a6 Kg4 52. a7 Kh3 53. a8=Q Kg4 54. Rc4+ Kh3 55. Rh4# 1-0

[Event "Michigan Beginners"]
[Site "Grand Rapids, MI"]
[Date "1997.01.18"]
[Round "3.2"]
[White "Nolan, Dan"]
[Black "Ellis, Carl"]
[Result "1-0"]
[WhiteElo "966"]
[BlackElo "838"]
[PlyCount "101"]
[EventDate "1997.01.19"]

1. d4 d5 2. c4 dxc4 3. Nc3 Nf6 4. e3 e6 5. Nf3 Bb4 6. Bd2 Bxc3 7. Bxc3 O-O 8.
Bxc4 a6 9. Ne5 b5 10. Bd3 Nfd7 11. Nxd7 Nxd7 12. O-O c5 13. b3 Re8 14. Qf3 Rb8
15. Rfd1 Bb7 16. Qe2 e5 17. dxe5 Qg5 18. f3 Nxe5 19. f4 Qg4 20. fxe5 Qg5 21.
Rf1 f6 22. Rf5 Qg6 23. Rh5 Be4 24. Bxe4 Qxe4 25. a4 b4 26. Bb2 g6 27. Rh3 fxe5
28. Qc4+ Qxc4 29. bxc4 Red8 30. Bxe5 Rb7 31. Rf3 Rd3 32. Raf1 Rd8 33. Bg3 b3
34. Rb1 Rd3 35. e4 Rxf3 36. gxf3 Rb4 37. e5 Kf7 38. Kg2 Rxa4 39. f4 Rb4 40. Be1
Rxc4 41. Rxb3 Rxf4 42. Bg3 Rb4 43. Rf3+ Ke6 44. Rf6+ Ke7 45. Rxa6 h5 46. Bf2 c4
47. Bc5+ Kf7 48. Bxb4 Kg7 49. e6 c3 50. Bxc3+ Kf8 51. Bb4+ 1-0

[Event "Michigan Class C"]
[Site "Grand Rapids, MI"]
[Date "1997.01.18"]
[Round "2.2"]
[White "Nolan, Brian"]
[Black "Asbury, Victor"]
[Result "1/2-1/2"]
[WhiteElo "1419"]
[BlackElo "1530"]
[PlyCount "163"]
[EventDate "1997.01.18"]

1. d4 Nf6 2. c4 c5 3. d5 b5 4. cxb5 a6 5. e3 g6 6. Nc3 Bg7 7. bxa6 Bxa6 8. Bxa6
Nxa6 9. Nge2 O-O 10. O-O Nb4 11. a3 d6 12. e4 Ng4 13. Bf4 Na6 14. Rb1 Qd7 15.
Qa4 Qa7 16. b4 cxb4 17. axb4 Rfb8 18. b5 Nc5 19. Qxa7 Rxa7 20. h3 Nf6 21. Be3
Rab7 22. Bxc5 dxc5 23. e5 Nd7 24. f4 Nb6 25. Rfd1 Nc4 26. d6 exd6 27. exd6 f5
28. Rd5 Rd7 29. Rxc5 Nxd6 30. b6 Rdb7 31. Nd5 Ne4 32. Rc7 Bf8 33. Rxb7 Rxb7 34.
Kh2 Bc5 35. Nec3 Nxc3 36. Nxc3 Rxb6 37. Rxb6 Bxb6 38. g4 Kf7 39. Kg3 Ke6 40. g5
Ba5 41. Ne2 Kd5 42. Kf3 Bd2 43. Ng1 Kd4 44. Ne2+ Kd3 45. Ng1 Be3 46. Ne2 Kd2
47. Ng3 Bd4 48. Ne2 Bc5 49. Ng3 Ke1 50. Ne2 Kf1 51. Ng3+ Kg1 52. Ne2+ Kh2 53.
Ng3 Kxh3 54. Ne2 Kh2 55. Ng3 Kg1 56. Ne2+ Kf1 57. Ng3+ Ke1 58. Ne2 Bf2 59. Nc3
Bd4 60. Ne2 Bb2 61. Ng3 Kd2 62. Ne2 Kd3 63. Ng3 Bc1 64. Ne2 Bd2 65. Ng3 Be1 66.
Ne2 Bb4 67. Ng3 Bf8 68. Ne2 h5 69. gxh6 Bxh6 70. Ng3 Bg7 71. Ne2 Bf6 72. Ng3
Bh4 73. Ne2 Kd2 74. Nd4 Kd3 75. Ne2 Be1 76. Ng1 Ba5 77. Ne2 Bc7 78. Ng1 Kd2 79.
Ne2 Bxf4 80. Nxf4 g5 81. Ne6 g4+ 82. Kf4 1/2-1/2

[Event "Michigan Class B"]
[Site "Grand Rapids, MI"]
[Date "1997.01.18"]
[Round "2.3"]
[White "Nicolli, Randy"]
[Black "Kreger, David"]
[Result "1/2-1/2"]
[WhiteElo "1769"]
[BlackElo "1621"]
[PlyCount "90"]
[EventDate "1997.01.18"]

1. f4 d5 2. b3 c5 3. Bb2 Nc6 4. e3 a6 5. Nf3 Bg4 6. Be2 e6 7. O-O f6 8. h3 Bxf3
9. Bxf3 Qc7 10. d3 Nge7 11. Bh5+ Ng6 12. f5 exf5 13. Rxf5 Nce7 14. Rf2 O-O-O
15. Nd2 Kb8 16. c4 Ne5 17. Nf3 Nxf3+ 18. Bxf3 Nf5 19. e4 dxe4 20. Bxe4 Nd4 21.
Bxd4 Rxd4 22. Qf3 Bd6 23. Re2 Be5 24. Rd1 g6 25. g4 Rd7 26. Bd5 Re7 27. Re4 Rg7
28. Rde1 Rd8 29. R1e2 Rdd7 30. b4 Rde7 31. Re1 f5 32. R4e2 fxg4 33. Qxg4 Bc3
34. Rxe7 Rxe7 35. Rxe7 Qxe7 36. bxc5 Qe3+ 37. Kg2 Qxd3 38. Qf4+ Ka7 39. c6 Qe2+
40. Qf2+ Qxf2+ 41. Kxf2 bxc6 42. Bxc6 Kb6 43. Bd5 g5 44. Kf3 h5 45. Ke4 Bf6
1/2-1/2

[Event "Michigan Class B"]
[Site "Grand Rapids, MI"]
[Date "1997.01.18"]
[Round "3.1"]
[White "Moore, Robert"]
[Black "Mohammed, Azziem"]
[Result "1-0"]
[WhiteElo "1700"]
[BlackElo "1774"]
[PlyCount "89"]
[EventDate "1997.01.18"]

1. e4 c5 2. Nf3 Nc6 3. d4 cxd4 4. Nxd4 Nf6 5. Nc3 g6 6. Bc4 Bg7 7. Nf3 d6 8.
O-O a6 9. Bb3 Na5 10. e5 Nxb3 11. exf6 Nxa1 12. fxg7 Rg8 13. Bh6 Bg4 14. Qxa1
Bxf3 15. gxf3 Qa5 16. Qe1 Qh5 17. Qe3 g5 18. Nd5 O-O-O 19. Nxe7+ Kb8 20. Nxg8
Rxg8 21. Qxg5 Qxg5+ 22. Bxg5 Rxg7 23. f4 h6 24. h4 f6 25. Kh2 hxg5 26. fxg5
fxg5 27. Rg1 Rh7 28. Rxg5 Rxh4+ 29. Kg3 Rb4 30. b3 Rd4 31. f4 Rd2 32. c4 Rxa2
33. f5 Ra3 34. f6 Rxb3+ 35. Kf4 Rb1 36. Rf5 Rf1+ 37. Ke4 Re1+ 38. Kd5 Re8 39.
f7 Rf8 40. Kxd6 Ka7 41. Ke7 Rxf7+ 42. Rxf7 a5 43. Kd6 a4 44. Kc5 a3 45. Rf3 1-0

[Event "Michigan Class B"]
[Site "Grand Rapids, MI"]
[Date "1997.01.18"]
[Round "2.2"]
[White "Moore, Robert"]
[Black "Anderson, Gale"]
[Result "1/2-1/2"]
[WhiteElo "1700"]
[BlackElo "1758"]
[PlyCount "120"]
[EventDate "1997.01.18"]

1. e4 e6 2. d4 d5 3. e5 c5 4. c3 Nc6 5. Nf3 Qb6 6. Be2 cxd4 7. cxd4 Nge7 8. Nc3
Nf5 9. Bb5 Bd7 10. Bxc6 bxc6 11. O-O c5 12. Na4 Qb5 13. Nxc5 Bxc5 14. dxc5 O-O
15. Nd4 Qxc5 16. Nxf5 exf5 17. Be3 Qb5 18. Bd4 Rfc8 19. Qd2 h6 20. a4 Qb7 21.
Bc3 Rc7 22. Rfd1 Be6 23. Rac1 Re8 24. Ba5 Rc4 25. Rxc4 dxc4 26. Bc3 Re7 27.
Qd8+ Kh7 28. h3 Rc7 29. Qf8 Rd7 30. Rxd7 Qxd7 31. a5 Qd5 32. Qd6 Qe4 33. Qd4
Bd5 34. Qxe4 Bxe4 35. a6 Bc6 36. Bd4 Bb5 37. Bxa7 f4 38. Bb8 Bxa6 39. e6 fxe6
40. Bxf4 h5 41. Bg5 Kg6 42. f4 Kf5 43. Kf2 Ke4 44. Ke2 c3+ 45. Kd1 cxb2 46. Kc2
Bf1 47. Kxb2 Bxg2 48. h4 Kd4 49. Kb3 Kc5 50. Kc3 Be4 51. Kd2 Kd5 52. Ke3 Bg6
53. Be7 Be8 54. Bg5 Bb5 55. Be7 Ba4 56. Bg5 Bc2 57. Be7 Kc6 58. Bg5 Kd7 59. Kd4
Ke8 60. Ke5 Kf7 1/2-1/2

[Event "Michigan Class B"]
[Site "Grand Rapids, MI"]
[Date "1997.01.18"]
[Round "2.1"]
[White "Mohammed, Azziem"]
[Black "Stewart, Clinton"]
[Result "1/2-1/2"]
[WhiteElo "1774"]
[BlackElo "1662"]
[PlyCount "40"]
[EventDate "1997.01.18"]

1. d4 d5 2. c4 c6 3. a4 a5 4. Nc3 g6 5. Nf3 Bg7 6. cxd5 cxd5 7. Bf4 Nc6 8. e3
Nb4 9. Bb5+ Bd7 10. Bxd7+ Qxd7 11. O-O Nf6 12. Qe2 Qf5 13. Qb5+ Qd7 14. Qxd7+
Nxd7 15. Nb5 O-O 16. Rfd1 Rac8 17. Rac1 Rxc1 18. Rxc1 Nd3 19. Rc7 Nb6 20. Rxb7
Rc8 1/2-1/2

[Event "Michigan Class D/E"]
[Site "Grand Rapids, MI"]
[Date "1997.01.18"]
[Round "3.9"]
[White "Mitchell, Dave"]
[Black "Miller, Jess"]
[Result "1/2-1/2"]
[WhiteElo "1184"]
[BlackElo "1285"]
[PlyCount "120"]
[EventDate "1997.01.18"]

1. d4 d5 2. Nf3 Bf5 3. Bg5 h6 4. Bh4 Nf6 5. e3 e6 6. Bd3 Bg4 7. Nbd2 c5 8. c3
Bd6 9. e4 e5 10. Qa4+ Nbd7 11. dxe5 O-O 12. exf6 Nxf6 13. O-O Bf4 14. e5 Bxd2
15. Nxd2 c4 16. Bc2 g5 17. Bxg5 hxg5 18. exf6 Bd7 19. Qb4 Qxf6 20. Qc5 Bc6 21.
Nf3 d4 22. Qxg5+ Qxg5 23. Nxg5 d3 24. Bd1 d2 25. f4 Rfe8 26. Bc2 Re2 27. Nf3
Bxf3 28. gxf3 Rae8 29. Bd1 Re1 30. Kf2 R8e6 31. f5 R6e5 32. b3 b5 33. Rb1 cxb3
34. axb3 f6 35. Rb2 Rxf1+ 36. Kxf1 Re1+ 37. Kf2 Rxd1 38. Ke2 Rc1 39. Kxd2 Rg1
40. Kd3 Kf7 41. Kd4 Rd1+ 42. Kc5 a6 43. h4 Rc1 44. c4 bxc4 45. bxc4 Rh1 46. Ra2
Rxh4 47. Rxa6 Rf4 48. Kb5 Rxf5+ 49. c5 Rxf3 50. Kc6 Rc3 51. Kd6 Kg6 52. c6 Kg5
53. c7 Rxc7 54. Kxc7 f5 55. Ra5 Kg4 56. Kd6 f4 57. Ke5 f3 58. Ra4+ Kg3 59. Rf4
f2 60. Ke4 Kg2 1/2-1/2

[Event "Michigan Class D/E"]
[Site "Grand Rapids, MI"]
[Date "1997.01.18"]
[Round "4.6"]
[White "Miller, Jess"]
[Black "Evans Jr., Thomas"]
[Result "0-1"]
[WhiteElo "1285"]
[BlackElo "1222"]
[PlyCount "120"]
[EventDate "1997.01.18"]

1. d4 e6 2. e4 d5 3. e5 a6 4. Nf3 c5 5. c3 Nc6 6. Be3 cxd4 7. cxd4 Bb4+ 8. Nbd2
Nge7 9. a3 Bxd2+ 10. Qxd2 Nf5 11. Bd3 Nxe3 12. fxe3 Ne7 13. O-O Ng6 14. Qf2 O-O
15. Qg3 Bd7 16. a4 Qb6 17. Rf2 Qb3 18. Bc2 Qxe3 19. Re1 Qf4 20. Qxf4 Nxf4 21.
b3 Ng6 22. Ref1 h6 23. g4 Nf4 24. Kh1 Nh3 25. Rg2 Rac8 26. Bd1 Nf4 27. Rg3 g5
28. Ne1 Ng6 29. Ng2 Kg7 30. Rh3 Rc1 31. Ne3 Nf4 32. Rhf3 Rcc8 33. Ng2 Nxg2 34.
Kxg2 Bc6 35. Rf6 Rc7 36. R1f3 b5 37. Rh3 Rh8 38. Rh5 bxa4 39. bxa4 a5 40. h4
gxh4 41. Rxh4 Be8 42. Rh5 Rc4 43. Rf4 Bxa4 44. Bxa4 Rxa4 45. Rf6 Rxd4 46. Rh1
Rxg4+ 47. Kh3 Rg6 48. Rf2 a4 49. Rhf1 Rf8 50. Ra1 f6 51. Rxa4 fxe5 52. Ra7+ Kg8
53. Rb2 Rf3+ 54. Kh2 Rf7 55. Rb8+ Kg7 56. Raa8 Kf6 57. Rb1 e4 58. Rf1+ Kg7 59.
Rb1 Rf5 60. Rb7+ Kf6 0-1

[Event "Michigan Class D/E"]
[Site "Grand Rapids, MI"]
[Date "1997.01.18"]
[Round "2.3"]
[White "Miller, Jess"]
[Black "Dolin, Jack"]
[Result "0-1"]
[WhiteElo "1285"]
[BlackElo "1330"]
[PlyCount "102"]
[EventDate "1997.01.18"]

1. d4 d5 2. c4 e6 3. Nf3 Nf6 4. Bg5 Be7 5. e3 O-O 6. Bxf6 Bxf6 7. Nbd2 c5 8.
Bd3 cxd4 9. exd4 Nc6 10. Nb3 dxc4 11. Bxc4 b6 12. O-O Bb7 13. Rc1 Nb4 14. a3
Nd5 15. Qd2 Qd6 16. Rfe1 Nf4 17. Qd1 Rac8 18. Be2 Rxc1 19. Nxc1 Rc8 20. Nb3 Qc7
21. Bf1 Qc2 22. Nfd2 Qg6 23. g3 h5 24. Nf3 h4 25. Nbd2 hxg3 26. hxg3 Nd3 27.
Bxd3 Qxd3 28. Re3 Qc2 29. Qxc2 Rxc2 30. b4 Bxd4 31. Rd3 Rc1+ 32. Kg2 e5 33. Nb3
Rc3 34. Rxc3 Bxc3 35. g4 Bd5 36. Nc1 f6 37. Ne2 Bb2 38. a4 Bb3 39. Nh4 Bxa4 40.
Nf5 Ba3 41. Ne7+ Kf7 42. Nc8 Bxb4 43. Ng3 Bd7 44. Nxa7 Bc5 45. Ne4 Bd4 46. Nd6+
Ke6 47. Ndb5 Kd5 48. Nxd4 exd4 49. Kf1 Kc4 50. f3 Kd3 51. Kf2 Kd2 0-1

[Event "Michigan Class D/E"]
[Site "Grand Rapids, MI"]
[Date "1997.01.18"]
[Round "3.10"]
[White "Mihelich, John"]
[Black "McAllister, Don"]
[Result "1-0"]
[WhiteElo "1394"]
[BlackElo "1002"]
[PlyCount "61"]
[EventDate "1997.01.18"]

1. e4 e6 2. d4 d5 3. e5 c5 4. Nf3 Nc6 5. Bb5 Bd7 6. Bxc6 Bxc6 7. O-O cxd4 8.
Nxd4 Bc5 9. Qg4 Bxd4 10. Qxg7 Bxe5 11. Qxe5 Nf6 12. Bg5 Ng4 13. Qxh8+ Kd7 14.
Bxd8 Rxd8 15. Qxh7 Ne5 16. f4 Ng6 17. Qxf7+ Ne7 18. f5 exf5 19. Rxf5 Re8 20.
Nc3 Kd8 21. Re5 Nc8 22. Rxe8+ Bxe8 23. Qxd5+ Bd7 24. Rd1 Nb6 25. Qxb7 Ke7 26.
Qxa7 Kf6 27. Qxb6+ Be6 28. Nd5+ Ke5 29. c4 Bxd5 30. Rxd5+ Ke4 31. Qd4# 1-0

[Event "Michigan Class B"]
[Site "Grand Rapids, MI"]
[Date "1997.01.18"]
[Round "2.4"]
[White "McCarter, Robert"]
[Black "Hencir, Edward"]
[Result "1-0"]
[WhiteElo "1732"]
[BlackElo "1615"]
[PlyCount "95"]
[EventDate "1997.01.18"]

1. d4 d5 2. Nf3 e6 3. Bf4 Nd7 4. e3 Ngf6 5. Bd3 h6 6. h3 Be7 7. O-O O-O 8. Nbd2
c5 9. c3 a6 10. a4 b6 11. Rb1 a5 12. Qe2 Bb7 13. Ne5 Rc8 14. Ndf3 Ne4 15. Nxd7
Qxd7 16. Bb5 Qd8 17. Ne5 c4 18. Rfc1 Bd6 19. f3 Nf6 20. b3 Bxe5 21. Bxe5 Nd7
22. Bd6 Re8 23. bxc4 dxc4 24. Bxc4 Nf6 25. Be5 Nd7 26. Bb5 Nxe5 27. Bxe8 Qxe8
28. dxe5 Qd8 29. e4 Rc5 30. Qb2 Rc6 31. Rd1 Qc7 32. Rd6 Rxc3 33. Rxb6 Bc8 34.
Rb8 Kh7 35. Qb5 Rc5 36. Qe8 Ba6 37. Qh8+ Kg6 38. Rg8 Qxe5 39. f4 Qd4+ 40. Kh2
Be2 41. f5+ exf5 42. exf5+ Rxf5 43. Rb6+ Kh5 44. Rxh6+ Kg5 45. Rxg7+ Kf4 46.
Rh4+ Ke5 47. Rxd4 Kxd4 48. Rxf7+ 1-0

[Event "Michigan Class D/E"]
[Site "Grand Rapids, MI"]
[Date "1997.01.18"]
[Round "2.7"]
[White "McAllister, Don"]
[Black "Belill, Nathan"]
[Result "0-1"]
[WhiteElo "1002"]
[BlackElo "1253"]
[PlyCount "34"]
[EventDate "1997.01.18"]

1. e4 e5 2. Nf3 Nc6 3. Bc4 Bc5 4. O-O Nf6 5. Nc3 O-O 6. d3 h6 7. Bb5 d6 8. h3
Be6 9. Bd2 Nd4 10. a3 a5 11. Ne2 Nxf3+ 12. gxf3 Bxh3 13. Re1 Nh5 14. Ng3 Nxg3
15. Kh2 Bxf2 16. Rg1 Qh4 17. Bxh6 Bf1# 0-1

[Event "Michigan Class C"]
[Site "Grand Rapids, MI"]
[Date "1997.01.18"]
[Round "2.6"]
[White "Mayer, Raymond"]
[Black "Smith, Lester"]
[Result "0-1"]
[WhiteElo "1462"]
[BlackElo "1515"]
[PlyCount "142"]
[EventDate "1997.01.18"]

1. d4 d5 2. Nf3 Bf5 3. Bf4 e6 4. e3 Nf6 5. Nbd2 Bd6 6. Bg5 Nbd7 7. Ne5 Nxe5 8.
dxe5 Bxe5 9. c3 O-O 10. Nf3 Bd6 11. Nh4 Be4 12. f3 h6 13. Bxf6 Qxf6 14. g3 Bh7
15. Be2 Bc5 16. Qd2 Rfe8 17. O-O Rad8 18. Bd3 Qg5 19. Rae1 Bxd3 20. Qxd3 e5 21.
Kg2 e4 22. fxe4 Rxe4 23. Rf4 Re6 24. Nf3 Qe7 25. Nd4 Rb6 26. b4 Ra6 27. Re2
Bxd4 28. exd4 Re6 29. Rxe6 Qxe6 30. Rf5 Qe4+ 31. Qxe4 dxe4 32. Re5 Kf8 33. Rxe4
Rd6 34. a4 Rc6 35. Re3 Rc4 36. Kf3 a5 37. b5 Rxa4 38. Ke4 Ke7 39. Kd5+ Kd7 40.
c4 Ra1 41. Kc5 b6+ 42. Kd5 a4 43. c5 a3 44. c6+ Kd8 45. Re2 a2 46. Rc2 Ke7 47.
Kc4 Kd6 48. Kb3 Kd5 49. Rd2 f5 50. Kb2 Rb1+ 51. Kxa2 Rxb5 52. Re2 Kxc6 53. Ka3
Kd7 54. Ka4 c6 55. Rf2 g6 56. g4 Ke6 57. Rc2 Kd5 58. gxf5 gxf5 59. Rf2 Kxd4 60.
Rf4+ Kc3 61. Rf3+ Kd4 62. Rf4+ Ke3 63. Rh4 f4 64. Rxh6 Rc5 65. Re6+ Kf2 66. h4
f3 67. Rg6 Ke1 68. Re6+ Kf1 69. Rf6 f2 70. Kb4 Rc2 71. h5 Ke1 0-1

[Event "Michigan Class C"]
[Site "Grand Rapids, MI"]
[Date "1997.01.18"]
[Round "3.7"]
[White "Mayer, Raymond"]
[Black "Hanna, Carl"]
[Result "1-0"]
[WhiteElo "1462"]
[BlackElo "1529"]
[PlyCount "73"]
[EventDate "1997.01.18"]

1. d4 d5 2. Nf3 Nf6 3. Bf4 Bg4 4. g3 e6 5. Bg2 Bd6 6. Be5 Nbd7 7. Bxd6 cxd6 8.
O-O O-O 9. c3 Ne4 10. Nbd2 Ndf6 11. Nxe4 Nxe4 12. Nd2 Ng5 13. f3 Bh3 14. Bxh3
Nxh3+ 15. Kg2 Nf4+ 16. gxf4 Qh4 17. e3 f5 18. Qe1 Qh5 19. Rh1 Rf6 20. Kf2 Kf7
21. Ke2 Rg8 22. Qf2 g5 23. fxg5 Rxg5 24. Rag1 Rfg6 25. h4 Rxg1 26. Rxg1 Rxg1
27. Qxg1 Qxh4 28. Nf1 b5 29. Qh2 Qxh2+ 30. Nxh2 a5 31. Nf1 Kg6 32. Kf2 Kg5 33.
Kg3 e5 34. f4+ Kf6 35. Nd2 a4 36. Nb1 exd4 37. exd4 1-0